1536 1831 1256 1578 1239 1758 1884 1112 1912 1303 1305 1786 1212 1638 1467 1308 1193 1737 1385 1379 1521 1445 1966 1172 1013 1560 1382 1553 1897 1586 1745 1367 1032 1388 1420 1041 1906 1345 1044 1747 1993 1376 1654 1969 1120 1915 1448 1803 1386 1898 1958 1747 1426 1734 1610 1528 1788 1978 1834 1992 1500 1820 1187 1428 1813 1379 1265 1634 1218 1161 1848 1430 1593 1076 1353 1381 1975 1801 1823 1735 1554 1405 1240 1511 1405 1286 1362 1889 1124 1382 1033 1331 1964 1169 1360 1421 1019 1733 1865 BCNSPRNW ULIB Ver.6.0+V

เปลี่ยนเป็นภาษาไทย

Change to English
 แสดงรายละเอียดบรรณานุกรม
  กลับหน้าหลัก

Brief Record : Get Marc (ISO 2709) : E-mail record : QR code < ปิดหน้าต่าง
LEADER : 00000nam 2200000uu 4500
001    13399120731
003     ULIB
008    121005s2552||||th 000 0 tha d
020    ^a9786117023019
050 04 ^aBQ4420.G6^bร649ค
100 0  ^aรุ่งอรุณ
245 10 ^aคู่มือสร้างบุญ อุ่นใจตลอดชาติ /^cรุ่งอรุณ
260    ^aกรุงเทพฯ :^bbusy-day,^c2552
300    ^a237 หน้า
650  7 ^aทำบุญ
945    ^p155^l0^i16184
949    ^aวิภา
999 ^a ใช้งานได้ทุกระบบ
รายการนี้ยังไม่มีแท็ก
คุณยังไม่ได้ล็อกอิน คุณสามารถมีกิจกรรมร่วมกับเว็บไซต์ได้ แต่ต้องล็อกอินก่อน ::
  ล็อกอิน

รายการสื่อสารสนเทศ

ลำดับที่ ประเภท เลขเรียก/บาร์โค้ด สถานที่ สถานะ
1. วิทยาศาสตร์การแพทย์ และสุขภาพ
วิทยาศาสตร์การแพทย์ และสุขภาพ
BQ4420.G6 ร649ค  
  Barcode: 16184
ห้องสมุดวิทยาเขตสวรรค์ประชารักษ์
►หนังสือทั่วไป
บนชั้น

รายการใกล้เคียง
    ผู้แต่ง [รุ่งอรุณ]

    หัวเรื่อง [ทำบุญ]

BibComment


ยังไม่เคยถูกคอมเมนท์

คอมเมนท์ทรัพยากรรายการนี้
  คอมเมนท์: คู่มือสร้างบุญ อ..


 Copyright 2026. Bcnsprnw @Library